| 000 | 01300nam2a22002771 4500 | ||
|---|---|---|---|
| 001 | rc\4922940 | ||
| 005 | 20250613041609.0 | ||
| 021 |
_aRU _b[66-101569] |
||
| 035 | _a(NLR Aleph) 008941849 | ||
| 090 |
_a8950671 _c8950671 |
||
| 100 | _a20130426d1966 |||y0rusy50 ca | ||
| 101 | 0 | _arus | |
| 102 | _aRU | ||
| 105 | _aa z ||||| | ||
| 200 | 0 |
_aТ. 3. Кн. 1 _fГл. ред. М.Г. Чиликин |
|
| 210 |
_cЭнергия _d1966 _aБ. м. |
||
| 215 |
_a871 с. _cил. |
||
| 320 | _aБиблиогр. в конце разделов | ||
| 461 | 0 |
_1001rc\4922937 _12001#$aЭлектротехнический справочник$e[В 3 т.]$fПод общ. ред. ... проф. М.Г. Чиликина (гл. ред.) и др.$vТ. 3. Кн. 1 _98950654 _cМосква _d1962 _e3-е изд., перераб. и доп. Т. 1- _fПод общ. ред. ... проф. М.Г. Чиликина (гл. ред.) и др. _nГосэнергоиздат _o[В 3 т.] _tЭлектротехнический справочник _vТ. 3. Кн. 1 |
|
| 702 | 1 |
_4340 _7ca _8rus _aЧиликин _bМ. Г. _f1909-1977 _gМихаил Григорьевич _9240682 _3RU\NLR\AUTH\770240738 |
|
| 801 | 0 |
_aRU _bNLR _gpsbo |
|
| 801 | 1 |
_aRU _bELAR _2rusmarc |
|
| 852 |
_aNLR _j62-7/3286 |
||
| 942 | _cBOOK | ||
| 980 | _aNB | ||